000 00282nam a22001097a 4500
008 230620b xxu||||| |||| 00| 0 eng d
082 _a322.42
_bCAM 1954
245 _aThe Heart of Africa
260 _aLondon
_bLongmans, Green and Co Ltd
_c1954
300 _aXIII,479p
942 _2ddc
_cBK
999 _c1841
_d1841